| 000 | 00684nam a2200181 a 4500 | ||
|---|---|---|---|
| 003 | 0 | ||
| 005 | 20250609113710.0 | ||
| 008 | 030603s19uu xx 00 eng d | ||
| 050 |
_aPHS HD 8039.A78 _b.G35 2001 |
||
| 100 | _aGalicia, Brenda Gaile Alayon. | ||
| 245 |
_aProfile of overseas performing artists for Japan from five promotion agencies / _cBrenda Gaile Alayon Galicia. |
||
| 260 |
_aLas PiƱas City, Philippines : _bSouthville International School and Colleges, _c2001. |
||
| 300 |
_a33 pages : _billustrations ; _c28 cm. |
||
| 650 |
_aPerforming artists _xEmployment _zJapan. |
||
| 650 |
_aForeign workers _zJapan. |
||
| 650 |
_aEmployment agencies _zJapan. |
||
| 942 |
_2lcc _cPASS |
||
| 999 |
_c96447 _d96447 |
||